| 000 | 00958nam a22002537a 4500 | ||
|---|---|---|---|
| 005 | 20170728122644.0 | ||
| 010 | _a1617EN ENG-117124 | ||
| 020 |
_a9781138225602 _c495.00 |
||
| 035 | _aB-649279-288 | ||
| 035 | _aEN-100656 | ||
| 035 | _aB-667257 | ||
| 037 |
_aDPL _bAAKAR |
||
| 082 | _a325.3 | ||
| 100 | _aLoomba, Ania | ||
| 245 |
_aColonialsm/Postcolonialism / _cby Ania Loomba |
||
| 250 | _a3rd ed | ||
| 260 |
_aNew York _bRoutledge _c2016 |
||
| 270 |
_a711 third avenue _bNew York _eNY 10017 |
||
| 300 |
_a304p. _c19cm(pbk) |
||
| 500 | _aincluds index | ||
| 942 |
_2ddc _cEN _h325..3 _mLOO |
||
| 999 |
_c102099 _d102099 |
||